Two-Term US Presidents Quiz Stats

 Plays Quiz Updated Sep 19, 2018

Score 0/14 Timer 02:00
6 Plays Today
President % Correct
George W. Bush
98.3%
Barack Obama
96.3%
George Washington
95.8%
Bill Clinton
95.2%
Franklin Delano Roosevelt
94.1%
Ronald Reagan
90.3%
Thomas Jefferson
89.2%
President % Correct
Dwight Eisenhower
80.6%
Andrew Jackson
74.3%
James Madison
73.9%
James Monroe
72.2%
Grover Cleveland
68.5%
Woodrow Wilson
68.4%
Ulysses S. Grant
66.6%

You're not logged in!

Compare scores with friends on all Sporcle quizzes.
OR
Log In

Sporcle TV

Today on Sporcle TV


Watch our educational content, quiz creation guides, and fun videos on Sporcle TV.

Show Comments

Extras

Top Quizzes Today


Score Distribution

Your Account Isn't Verified!

In order to create a playlist on Sporcle, you need to verify the email address you used during registration. Go to your Sporcle Settings to finish the process.

Report this User

Report this user for behavior that violates our Community Guidelines.

Details: